[Event "KAZ-ch Women 2019"]
[Site "Almaty"]
[Date "2019.04.28"]
[Round "8.5"]
[White "Serikbay, Assel"]
[Black "Shauken, Aruzhan"]
[Result "1-0"]
[WhiteElo "2155"]
[BlackElo "1685"]
[Annotator "NA"]
[PlyCount "81"]
[EventDate "2019.04.21"]
[EventType "tourn"]
[EventCountry "KAZ"]
[SourceTitle "playchess.com"]
[Source "ChessBase"]
[SourceQuality "1"]
[TimeControl "40/5400+30:1800+30"]

1. d4 {[%emt 0:00:00]} Nf6 {[%emt 0:00:00]} 2. c4 {[%emt 0:00:00]} g6 {[%emt 0:00:00]} 3. g3 {[%emt 0:00:00]} Bg7 {[%emt 0:00:00]} 4. Bg2 {[%emt 0:00:00]} d6 {[%emt 0:00:00]} 5. Nf3 {[%emt 0:00:00]} O-O {[%emt 0:00:05]} 6. O-O {[%emt 0:00:00]} Nc6 {[%emt 0:00:06]} 7. Nc3 {[%emt 0:00:04]} a6 {[%emt 0:00:05]} 8. Qd3 {[%emt 0:00:10]} Bf5 {[%emt 0:00:29]} 9. e4 {[%emt 0:00:21]} Bg4 {[%emt 0:00:25]} 10. Be3 {[%emt 0:03:35]} Nd7 {[%emt 0:03:25]} 11. h3 {[%emt 0:06:09]} Bxf3 {[%emt 0:00:25]} 12. Bxf3 {[%emt 0:00:03]} e5 {[%emt 0:00:32]} 13. d5 {[%emt 0:00:06]} Nd4 {[%emt 0:01:53]} 14. Bg2 {[%emt 0:00:21]} f5 {[%emt 0:02:31]} 15. exf5 {[%emt 0:23:59]} Nxf5 {[%emt 0:00:37]} 16. Ne4 {[%emt 0:01:05]} Nxe3 {[%emt 0:05:19]} 17. Qxe3 {[%emt 0:00:17]} Nf6 {[%emt 0:01:00]} 18. Nc3 {[%emt 0:07:23]} Qd7 {[%emt 0:03:43]} 19. b4 {[%emt 0:03:38]} Rfe8 {[%emt 0:16:47]} 20. g4 {[%emt 0:07:46]} Kh8 {[%emt 0:07:59]} 21. c5 {[%emt 0:03:47]} Qf7 {[%emt 0:09:24]} 22. Rad1 {[%emt 0:04:11]} Bf8 {[%emt 0:04:57]} 23. f4 {[%emt 0:04:19]} Qg7 {[%emt 0:05:46]} 24. fxe5 {[%emt 0:13:16]} Rxe5 {[%emt 0:01:13]} 25. Qf3 {[%emt 0:00:07]} Nd7 {[%emt 0:00:58]} 26. c6 {[%emt 0:01:13]} bxc6 {[%emt 0:00:31]} 27. dxc6 {[%emt 0:00:01]} Nb6 {[%emt 0:00:17]} 28. a4 {[%emt 0:03:47]} Rae8 {[%emt 0:01:06]} 29. Rd3 {[%emt 0:01:58]} Nc4 {[%emt 0:07:58]} 30. Nd5 {[%emt 0:01:44]} Re1 {[%emt 0:01:26]} 31. Qf6 {[%emt 0:01:33]} Qxf6 {[%emt 0:01:45]} 32. Nxf6 {[%emt 0:00:04]} Rxf1+ {[%emt 0:01:32]} 33. Bxf1 {[%emt 0:01:57]} Re1 {[%emt 0:04:28]} 34. Nd5 {[%emt 0:03:22]} Bh6 {[%emt 0:00:50]} 35. Kf2 {[%emt 0:01:22]} Rc1 {[%emt 0:00:41]} 36. Rc3 {[%emt 0:04:33]} Ne5 {[%emt 0:01:15]} 37. Rxc1 {[%emt 0:00:25]} Bxc1 {[%emt 0:00:05]} 38. b5 {[%emt 0:00:26]} axb5 {[%emt 0:00:53]} 39. axb5 {[%emt 0:00:23]} Kg7 {[%emt 0:01:34]} 40. Nxc7 {[%emt 0:00:00]} Kf7 {[%emt 0:00:00]} 41. Nd5 1-0

[Event "KAZ-ch Women 2019"]
[Site "Almaty"]
[Date "2019.04.29"]
[Round "9.1"]
[White "Shauken, Aruzhan"]
[Black "Kamalidenova, Meruert"]
[Result "1/2-1/2"]
[WhiteElo "1685"]
[BlackElo "2051"]
[Annotator "NA RC"]
[PlyCount "104"]
[EventDate "2019.04.21"]
[EventType "tourn"]
[EventCountry "KAZ"]
[SourceTitle "playchess.com"]
[Source "ChessBase"]
[SourceQuality "1"]
[TimeControl "40/5400+30:1800+30"]

{[%evp 8,104,39,27,32767,32,34,35,35,37,37,32,59,35,67,49,59,10,17,12,25,-20,-18,-42,-41,-48,66,41,95,70,115,102,102,18,6,0,10,18,3,-16,14,17,27,9,24,6,33,41,58,0,9,-19,-11,-10,-12,-14,-8,-40,5,8,8,0,0,8,108,1,18,20,48,22,16,8,8,8,103,8,172,8,8,8,8,0,0,0,0,0,0,0,0,0,0,0,0,0,0,0,0,0,0]} 1. d4 {[%emt 0:00:00]} Nf6 {[%emt 0:00:00]} 2. c4 {[%emt 0:00:00]} g6 {[%emt 0:00:00]} 3. g3 {[%emt 0:00:00]} Bg7 {[%emt 0:00:00]} 4. Bg2 {[%emt 0:00:00]} O-O {[%emt 0:00:00]} 5. Nf3 {[%emt 0:00:00]} d6 {[%emt 0:00:00]} 6. O-O {[%emt 0:00:08]} Nbd7 {[%emt 0:00:05]} 7. Nc3 {[%emt 0:00:08]} e5 {[%emt 0:00:06]} 8. e4 {[%emt 0:00:21]} a6 {[%emt 0:00:07]} 9. Qc2 {[%emt 0:00:32]} exd4 {[%emt 0:00:08]} 10. Nxd4 {[%emt 0:00:05]} Ne5 {[%emt 0:00:08] E68: King's Indian: Fianchetto: 6...Nbd7 7 0-0 e5 8 e4} (10... Re8 11. Re1 Ne5 12. b3 c5 13. Nf3 Nfg4 14. Nxe5 Nxe5 15. Bb2 Nc6 16. Qd2 Qa5 17. Rad1 Bg4 18. f3 {½-½ (49) Giri,A (2772)-Ivanchuk,V (2728) Tbilisi 2017}) 11. b3 {[%emt 0:01:07]} Bd7 {[%emt 0:00:25]} 12. h3 {[%emt 0:01:32]} (12. Bb2 $16) 12... c5 $146 {[%emt 0:01:30]} ({Predecessor:} 12... Nc6 13. Be3 Re8 14. Rad1 Rb8 15. Nd5 Qc8 16. Kh2 Nd8 17. Bg5 Nxd5 18. cxd5 {1-0 (59) Zevallos,F-Murillo,H Peru 1995}) 13. Nde2 {[%emt 0:00:47]} b5 {[%emt 0:02:50]} 14. cxb5 {[%emt 0:02:47]} axb5 {[%emt 0:00:17]} 15. f4 {[%emt 0:05:49]} Nc6 {[%emt 0:00:19]} 16. Bb2 {[%emt 0:03:02]} Rb8 {[%emt 0:02:38]} (16... Qc8 $15) 17. Rad1 {[%emt 0:02:01]} Ne8 {[%emt 0:03:29]} 18. Nd5 {[%emt 0:02:44]} Be6 {[%emt 0:02:47]} 19. Bxg7 {[%emt 0:04:14]} Nxg7 {[%emt 0:01:44]} 20. Qb2 {[%emt 0:11:23]} (20. Ne3 $16) 20... Bxd5 $1 {[%emt 0:05:06]} 21. Rxd5 {[%emt 0:00:30]} Qe7 {[%emt 0:00:37]} 22. Rfd1 {[%emt 0:01:50]} Rfd8 {[%emt 0:00:59]} 23. e5 {[%emt 0:09:57]} dxe5 {[%emt 0:02:20]} 24. Rxd8+ {[%emt 0:00:18]} Rxd8 {[%emt 0:02:23]} 25. Rxd8+ {[%emt 0:00:06]} Nxd8 {[%emt 0:00:05]} 26. Qxe5 {[%emt 0:01:11]} Qxe5 {[%emt 0:00:40]} 27. fxe5 {[%emt 0:00:05]} Kf8 {[%emt 0:01:02]} 28. a3 {[%emt 0:04:25]} (28. a4 $14) 28... Nge6 {[%emt 0:03:32]} 29. Bd5 {[%emt 0:02:28]} Ke7 {[%emt 0:01:02]} 30. Bg2 {[%emt 0:04:25]} Nc7 {[%emt 0:04:48]} 31. Nf4 {[%emt 0:05:17]} Nde6 {[%emt 0:01:12]} 32. Kf2 {[%emt 0:02:23]} g5 {[%emt 0:02:35]} 33. Nd3 {[%emt 0:00:56]} c4 {[%emt 0:04:30]} 34. bxc4 {[%emt 0:00:06]} bxc4 {[%emt 0:00:03]} 35. Nb4 {[%emt 0:00:57]} Kd7 {[%emt 0:02:58]} (35... Nd4 $11 {remains equal.}) 36. Ke2 {[%emt 0:02:01]} (36. Ke3 $16) 36... Ng7 {[%emt 0:07:00]} 37. Kd2 {[%emt 0:02:23]} Ke6 {[%emt 0:00:19]} 38. Nc6 {[%emt 0:03:38]} Nh5 {[%emt 0:01:34]} 39. Kc3 {[%emt 0:03:41]} (39. g4 $5 {[%cal Rg4h5]} Nf4 40. Bf3 $14) 39... Nxg3 {[%emt 0:02:04]} 40. Kxc4 {[%emt 0:00:00]} Nf5 {[%emt 0:00:00]} (40... h5 $11) 41. Kc5 {[%emt 0:02:26]} h5 $2 {[%emt 0:02:53] [#]} (41... Kd7 $1 $11) 42. a4 $2 {[%emt 0:00:43]} (42. Bf3 $1 $18) 42... g4 {[%emt 0:00:33]} 43. hxg4 {[%emt 0:00:24]} hxg4 {[%emt 0:00:10]} 44. a5 {[%emt 0:00:36]} Ne3 {[%emt 0:01:02]} 45. Bh1 {[%emt 0:03:15]} g3 {[%emt 0:00:57]} 46. Kb6 {[%emt 0:00:04]} Kd7 {[%emt 0:00:22]} ({But not} 46... g2 $2 47. Bxg2 Na8+ 48. Kb7 $18) 47. Kb7 {[%emt 0:03:13]} Ne6 {[%emt 0:03:27]} 48. a6 {[%emt 0:01:58]} Nc5+ {[%emt 0:01:13]} 49. Kb6 {[%emt 0:00:07]} Nxa6 {[%emt 0:00:14]} 50. Kxa6 {[%emt 0:00:05]} g2 {[%emt 0:00:05] [#]} 51. Bxg2 $1 {[%emt 0:00:05]} Nxg2 {[%emt 0:00:05]} 52. Kb6 {[%emt 0:00:08]} Ne3 $11 {[%emt 0:00:30]} 1/2-1/2

[Event "KAZ-ch Women 2019"]
[Site "Almaty"]
[Date "2019.04.29"]
[Round "9.2"]
[White "Kairbekova, Amina"]
[Black "Serikbay, Assel"]
[Result "0-1"]
[WhiteElo "1954"]
[BlackElo "2155"]
[Annotator "TA"]
[PlyCount "108"]
[EventDate "2019.04.21"]
[EventType "tourn"]
[EventCountry "KAZ"]
[SourceTitle "playchess.com"]
[Source "ChessBase"]
[SourceQuality "1"]

{[%evp 20,108,28,13,40,18,52,48,70,70,81,43,82,74,145,134,187,110,148,112,127,94,233,229,227,216,210,216,195,193,204,-264,321,377,370,345,431,350,433,195,185,130,141,117,135,150,169,116,133,44,34,35,67,53,147,68,279,300,243,224,241,162,218,45,43,0,0,-169,-169,-169,-169,-177,-166,-386,-189,-211,-217,-575,-538,-707,-697,-2487,-2428,-6135,-6088,-29973,-29974,-29972,-29950,-4694,-1616]} 1. e4 c5 2. Nf3 e6 3. d4 cxd4 4. Nxd4 a6 5. Nc3 Qc7 6. Bd3 Nc6 7. Nxc6 dxc6 8. O-O e5 9. f4 Nf6 10. Kh1 Bc5 11. f5 h5 {B43: Sicilian: Kan Variation: 5 Nc3} (11... b5 12. a4 b4 13. Nb1 h5 14. Bg5 Be7 15. Be3 c5 16. Nd2 Bb7 17. Rf3 Ng4 18. Bg1 Bg5 19. Nc4 {1-0 (46) Pinkovetsky,S (2639)-Elwert,H (2724) ICCF email 2006}) 12. Qf3 Ng4 13. Bg5 b5 {White is slightly better.} 14. a4 {[%cal Ra4b5]} b4 15. Nb1 $146 {[%cal Bc3b1,Bb1d2,Bd2b3][%mdl 32]} ({Predecessor:} 15. Ne2 a5 16. Rad1 f6 17. Bc1 Qb6 18. Ng3 Nf2+ 19. Rxf2 Bxf2 20. Nxh5 {1-0 (46) Craciun,P (2194)-Herrera Sanchez,M (2021) Kemer 2007}) 15... Qa7 {Threatening ...Nf2+.} 16. Bh4 Be3 ({Better is} 16... Be7 17. Bxe7 Qxe7) 17. h3 $16 Bd7 (17... f6 $16 18. Qe2 (18. hxg4 hxg4 {[%mdl 64] Discovered Attack} 19. Qxg4 g5 $17 {[%mdl 64] Pin}) 18... Nh6) 18. Be1 (18. hxg4 $2 hxg4 19. Qxg4 (19. Qg3 $2 Qd4 $19) 19... g5 $19) (18. Qe2 $18) 18... Bc5 19. Qg3 O-O-O 20. Nd2 g6 (20... a5 $16) 21. Nb3 $18 Be3 22. Bxb4 gxf5 23. exf5 Rdg8 24. Qe1 e4 {[#]} 25. Bc4 $4 {[%mdl 8192]} ({Wrong is} 25. Bxe4 $2 Qb8 $19) (25. Be2 $1 $18 {is the narrow road to win.}) 25... Nf2+ $4 {[%mdl 8192] [#]} (25... Qc7 $19 {[%csl Gg4][%cal Rc7h2] avoids the disaster.} 26. g3 (26. Bxa6+ Kb8 $19) 26... h4 27. Bxa6+ Kb8) 26. Rxf2 $1 {[%mdl 576] Remove Defender} Bxf2 27. Qxe4 Re8 28. Qf4 Bb6 29. Qf1 (29. Bxf7 $142 Re3 30. Rd1) 29... a5 30. Ba6+ (30. Bd6 $18 Bc7 31. Bxc7 Qxc7 32. Bxf7) 30... Kb8 $16 31. Nxa5 c5 32. Bc3 Rhg8 33. Bb5 (33. b4 $18 {And now bxc5 would win.} c4 34. Bb5 (34. Qxc4 Re3 $16) 34... Bxb5 35. axb5 Bxa5 36. bxa5) 33... Bxa5 34. Bxd7 ({White should play} 34. Bxa5 $16 Qxa5 35. Bxd7) 34... Qxd7 $14 35. Bxa5 Qc6 36. Bd2 c4 (36... Kc8 $14) 37. b4 (37. Bf4+ $16 Ka8 38. Rd1) 37... Qe4 $2 (37... Ka8 $1 $14) 38. Re1 $18 Qc6 39. Bf4+ Ka8 40. Rb1 Re4 (40... Qe4 $142) 41. Qf3 $2 (41. b5 $18 Qd5 42. Bh2) 41... Qb7 $1 $14 {Strongly threatening ...Rxf4!} 42. Bg3 h4 $40 {[%mdl 128] Black has some attack.} 43. Bf2 $2 (43. Re1 $11 {and White is okay.} Rxe1+ 44. Bxe1) 43... Re2 $1 $19 44. Qxb7+ Kxb7 {[%mdl 4096] Endgame KRR-KRB} 45. Kg1 Rxc2 {White must now prevent ...c3.} 46. b5 $2 (46. Re1 {is a better defense.}) 46... Ra2 (46... c3 $142 {Hoping for ...Rd2.} 47. a5 Rb2) 47. Re1 c3 ({But not} 47... Rxa4 48. Re7+ Ka8 49. Bd4 $17) 48. Re7+ $2 (48. Rc1 {was the crucial defense.} c2 49. Bxh4) 48... Kb8 49. Be3 {If White can now play Bf4+ this consolidates a bit.} Rgxg2+ 50. Kf1 Rgb2 {( -> ...Ra1+)} 51. Bf4+ Kc8 52. Re8+ {[#]} Kd7 $1 53. Re4 Rb1+ 54. Re1 Raa1 {Accuracy: White = 30%, Black = 30%.} (54... c2 $142 55. Rc1 Rxa4) 0-1

[Event "KAZ-ch Women 2019"]
[Site "Almaty"]
[Date "2019.04.29"]
[Round "9.3"]
[White "Davletbayeva, Madina"]
[Black "Sultanbek, Zeinep"]
[Result "1-0"]
[WhiteElo "2286"]
[BlackElo "1891"]
[Annotator "TA"]
[PlyCount "97"]
[EventDate "2019.04.21"]
[EventType "tourn"]
[EventCountry "KAZ"]
[SourceTitle "playchess.com"]
[Source "ChessBase"]
[SourceQuality "1"]

{[%evp 12,97,23,34,34,29,34,34,34,44,29,40,36,26,38,34,52,49,62,54,66,71,89,81,83,70,85,70,68,45,42,48,56,25,40,19,17,17,59,38,122,118,124,92,85,66,73,74,67,71,67,72,117,108,118,120,117,111,108,99,93,92,106,92,92,92,92,91,95,92,92,92,187,185,483,474,545,477,991,1056,1004,1008,652,110,6175,992,927,880]} 1. e4 e6 2. d4 d5 3. Nd2 a6 4. Ngf3 c5 5. exd5 exd5 6. Be2 Nc6 7. O-O cxd4 {C08: French Tarrasch: 3...c5 4 exd5 exd5 sidelines} (7... Bd6 8. dxc5 Bxc5 9. Nb3 Bb6 10. c4 Nge7 11. c5 Bc7 12. Bd3 h6 13. h3 O-O 14. Re1 Bf5 15. Nfd4 Be4 {½-½ (55) Mamedov,R (2688)-Nyzhnyk,I (2613) chess.com INT 2017}) 8. Nb3 Bd6 9. Re1 Nge7 {White is slightly better.} 10. Nbxd4 O-O 11. c3 h6 12. h3 $146 ({Predecessor:} 12. Qc2 Bg4 13. h3 Bh5 14. Be3 Qc7 15. Rad1 Rad8 16. Qa4 Na5 17. Nd2 b5 18. Qc2 Bg6 19. Bd3 Bxd3 20. Qxd3 Nc4 {½-½ (20) Mann,C-Faisst,H Germany 1989}) 12... Ng6 13. Bd3 Qf6 14. Bc2 Nf4 15. Bxf4 Bxf4 16. Ne2 Bc7 17. Qxd5 g6 18. Ned4 Rd8 19. Qe4 Bd7 20. Rad1 Re8 21. Qd3 Rad8 22. b4 Nxd4 23. Nxd4 Be5 24. Bb3 Bc6 25. Qc2 Bd7 ({Better is} 25... Kg7 $14) 26. Re3 $16 Bxd4 27. Rxe8+ Rxe8 28. cxd4 Bb5 29. d5 Re2 {[#] ( -> ...Qxf2+)} 30. Qc5 b6 31. Qd4 $1 {[%cal Rd4f6]} Re1+ 32. Kh2 Qd6+ 33. g3 Re2 34. Rd2 Re1 35. Rc2 Bd7 36. Rc3 a5 37. bxa5 bxa5 38. Rf3 a4 39. Bc4 Bf5 {With the idea ...Be4.} 40. Re3 Rxe3 41. Qxe3 Qd7 (41... Qb4 $16 42. Bd3 Bd7) 42. Qxh6 $18 Qc8 $2 (42... Qc7) 43. Qf4 Bxh3 44. d6 Be6 (44... Qf5 $142 45. d7 Qxd7 46. Qxf7+ {[%mdl 64] Deflection} Qxf7 47. Bxf7+ Kxf7 48. Kxh3 Kf6) 45. Bxe6 Qxe6 46. Qd4 {[#] Intending d7 and mate.} Qd7 47. Qf6 $2 (47. g4 $18 {is more deadly.} Kh7 48. Kh3) 47... a3 $2 {[%mdl 8192]} (47... Qg4 $16 48. Qe5 Qd1) 48. Qd4 (48. Qe7 $142 Qf5 49. Kg1) 48... Kh7 49. Qd3 {Accuracy: White = 64%, Black = 35%.} 1-0

[Event "KAZ-ch Women 2019"]
[Site "Almaty"]
[Date "2019.04.29"]
[Round "9.4"]
[White "Dauletova, Gulmira"]
[Black "Nakhbayeva, Guliskhan"]
[Result "1-0"]
[WhiteElo "2262"]
[BlackElo "2303"]
[Annotator "TA"]
[PlyCount "99"]
[EventDate "2019.04.21"]
[EventType "tourn"]
[EventCountry "KAZ"]
[SourceTitle "playchess.com"]
[Source "ChessBase"]
[SourceQuality "1"]

{[%evp 22,105,14,5,5,8,7,0,0,0,0,0,0,0,2,0,0,0,0,-29,81,80,183,172,178,170,187,177,179,183,168,183,293,277,275,158,632,631,595,557,652,669,651,586,585,589,1510,1496,1397,1323,4890,1078,4890,956,1996,2148,29996,29979,29990,888,29988,897,994,1003,1497,966,1488,1332,1294,908,880,883,29983,29984,29984,29985,29985,29986,29986,29987,29987,29988,29988,29989,29988,29988]} 1. e4 e5 2. Nf3 Nc6 3. Bb5 a6 4. Ba4 Nf6 5. O-O Nxe4 6. d4 b5 7. Bb3 d5 8. dxe5 Be6 9. Nbd2 Be7 10. c3 O-O 11. Qe2 Nc5 12. Nd4 Qd7 {C83: Open Ruy Lopez: 9 c3 Be7} (12... Nxd4 13. cxd4 Nxb3 14. Nxb3 c5 15. Nxc5 Bxc5 16. dxc5 d4 17. Qe4 a5 18. Rd1 Qc7 19. Rxd4 Qxc5 20. Be3 {½-½ (41) Motylev,A (2660)-Matlakov,M (2704) Sochi 2018}) 13. Bc2 Bg4 14. Qe3 Nxd4 {The position is equal.} 15. cxd4 Ne6 16. h3 Bh5 $1 17. f4 $40 {[%mdl 128] Hoping for Qd3. White attacks.} f5 $146 ({Predecessor:} 17... Qc6 18. Bb1 Nxd4 19. Kh1 Bc5 20. f5 f6 21. exf6 Rxf6 22. Qg5 Ne2 23. Bd3 Bd6 24. Bxe2 Bxe2 25. Re1 Re8 26. Nb3 Re4 {0-1 (26) Gajic,Z-Grzeskowiak,F ICCF corr 1981}) 18. exf6 Bxf6 19. Nb3 a5 20. Qd3 g5 (20... Bg6 $11 {remains equal.} 21. f5 {[%mdl 64] Double Attack} a4) 21. f5 $1 $16 {[%cal Rf5e6]} Ng7 (21... Qg7 $16) 22. Bd2 a4 23. Nc5 Qc6 24. Rae1 Rae8 25. g4 Bf7 26. h4 h6 (26... Re4 $142 27. Nxe4 dxe4) 27. hxg5 $18 hxg5 28. Bxg5 (28. Be3 $18) 28... Re4 $2 (28... Bxg5 $16 29. Ne6 (29. f6 Re4 $11) 29... Bf6) 29. Nxe4 dxe4 30. Qd2 Bd5 31. Bxf6 Rxf6 32. Re3 Rh6 33. Qg2 Rh4 34. Bxe4 Bxe4 35. Rxe4 Qc4 36. Rfe1 {aiming for f6.} Rh6 37. Qf2 Rf6 38. Qh4 {White threatens Re8+! and mate.} Rd6 39. Qg5 Qd3 40. Qe3 (40. Kg2 $142 Qc2+ 41. Kg3 Qd3+ 42. R4e3 Rxd4 43. Rxd3 Rxd3+ 44. Kh4 Kf8 45. Qf6+ Kg8 46. Re7 $1 {[%mdl 576] Double Attack} Rh3+ 47. Kxh3 Nxf5 48. gxf5 c5 49. Qg7#) 40... Qc2 {[#]} 41. Qe2 (41. Re8+ $142 $1 Kh7 (41... Nxe8 42. Qxe8+) 42. Qh3+ Rh6 {[#]} 43. Rh8+ $1 {[%mdl 576] Deflection, Decoy} Kxh8 44. Qxh6+ Kg8 45. f6 Ne6 46. Rxe6 {[%mdl 64] Decoy}) 41... Qc6 42. Qd2 Qd5 43. Qf2 Rf6 44. Re5 Qd7 45. Qe3 Qc6 46. Qe4 Qb6 47. Qd5+ {White mates.} Kh7 48. g5 Rd6 49. Qh1+ Kg8 {[#]} 50. Qa8+ {Played: Re5-e8} 1-0

[Event "KAZ-ch Women 2019"]
[Site "Almaty"]
[Date "2019.04.29"]
[Round "9.5"]
[White "Nasybullina, Alfia"]
[Black "Ankudinova, Yelena"]
[Result "1-0"]
[WhiteElo "2065"]
[BlackElo "2099"]
[Annotator "NA RC"]
[PlyCount "75"]
[EventDate "2019.04.21"]
[EventType "tourn"]
[EventCountry "KAZ"]
[SourceTitle "playchess.com"]
[Source "ChessBase"]
[SourceQuality "1"]
[TimeControl "40/5400+30:1800+30"]

{[%evp 8,75,35,35,41,9,14,2,0,-4,7,0,0,-8,20,-8,13,-6,5,0,0,5,-7,-11,0,-5,-16,-62,-59,-62,-84,-73,-41,-75,-8,-19,-2,-2,-1,0,0,-21,-22,-34,0,0,100,106,110,104,100,133,116,130,375,431,780,32767,518,548,498,32767,387,450,32767,32767,806,1002,1020,893]} 1. d4 {[%emt 0:11:35]} d5 {[%emt 0:00:00]} 2. c4 {[%emt 0:00:05]} dxc4 {[%emt 0:00:00]} 3. e3 {[%emt 0:00:04]} Nf6 {[%emt 0:00:00]} 4. Bxc4 {[%emt 0:00:07]} a6 {[%emt 0:00:00]} 5. Nf3 {[%emt 0:02:12]} b5 {[%emt 0:00:25]} 6. Bb3 {[%emt 0:00:13]} e6 {[%emt 0:00:18]} 7. O-O {[%emt 0:00:24]} Bb7 {[%emt 0:00:19]} 8. a4 {[%emt 0:01:04]} b4 {[%emt 0:04:38]} 9. Nbd2 {[%emt 0:02:17]} c5 {[%emt 0:02:49]} 10. a5 {[%emt 0:01:31] D27: Queen's Gambit Accepted: Classical main line: 7 e4!? and 7 a4} (10. e4 Nc6 11. e5 Nd5 12. dxc5 Bxc5 13. Ne4 Be7 14. Bg5 O-O 15. Nd6 Rb8 16. Bxd5 exd5 17. Bxe7 Nxe7 18. Qd3 {0-1 (60) Melkumyan,H (2642)-Postny,E (2651) Sarajevo 2012}) 10... Nc6 {[%emt 0:06:37]} 11. Nc4 {[%emt 0:00:30]} Qc7 {[%emt 0:01:17]} 12. Qe2 $146 {[%emt 0:06:35]} ({Predecessor:} 12. e4 Nxd4 13. Nxd4 cxd4 14. e5 Nd7 15. Qxd4 Qc6 {1-0 (25) Kasperkiewicz,P (1927)-Safanowski,T (1829) Warsaw 2019}) 12... Rd8 {[%emt 0:02:44]} 13. Bd2 {[%emt 0:03:01]} Be7 $1 {[%emt 0:15:48]} 14. Rfc1 {[%emt 0:02:12]} O-O {[%emt 0:02:37]} 15. h3 {[%emt 0:06:21]} Ne4 {[%emt 0:13:34]} 16. Bc2 {[%emt 0:11:03]} Nxd2 {[%emt 0:08:42]} 17. Qxd2 {[%emt 0:00:36]} cxd4 {[%emt 0:01:05]} 18. exd4 {[%emt 0:00:18]} Bf6 {[%emt 0:02:32]} 19. Ne3 {[%emt 0:01:19]} Qe7 {[%emt 0:01:26]} 20. d5 {[%emt 0:04:12]} g6 {[%emt 0:01:44]} ({Black should try} 20... Ne5 $15 21. Nxe5 Bxe5) 21. Bb3 {[%emt 0:01:45]} Ne5 {[%emt 0:07:13]} 22. Nxe5 $1 {[%emt 0:00:24]} Bxe5 {[%emt 0:00:03]} 23. Re1 {[%emt 0:04:00]} Bc7 {[%emt 0:03:59]} 24. Qd4 {[%emt 0:02:26]} h5 {[%emt 0:05:24]} 25. Rad1 {[%emt 0:05:10]} Qd6 {[%emt 0:05:42]} 26. g3 {[%emt 0:00:54]} Bxa5 {[%emt 0:06:47] [#]} (26... Rfe8 $11 {remains equal.}) 27. Qh4 $1 {[%emt 0:02:58]} exd5 {[%emt 0:01:01]} 28. Bxd5 {[%emt 0:01:14]} Qb8 {[%emt 0:01:17] [#]} 29. Qg5 $1 {[%emt 0:02:48]} Bxd5 {[%emt 0:01:31]} 30. Nxd5 {[%emt 0:00:28]} Qb5 $2 {[%emt 0:00:37]} (30... Kg7 $16 {is a better defense.}) 31. Re5 {[%emt 0:10:33]} ({Less strong is} 31. Nf6+ Kg7 $16) 31... Kg7 {[%emt 0:00:15]} (31... Bc7 $142 32. Ne7+ Kg7 33. Rxb5 Rxd1+ 34. Kg2 axb5 35. Nf5+ Kg8) 32. Qf6+ {[%emt 0:00:16]} Kh7 {[%emt 0:01:00]} 33. Rd4 {[%emt 0:02:10]} Qc5 {[%emt 0:01:26]} 34. Qf4 {[%emt 0:04:37]} Rd6 {[%emt 0:01:05]} 35. Nf6+ {[%emt 0:01:18] Discovered Attack} Rxf6 {[%emt 0:00:08]} 36. Qxf6 {[%emt 0:01:21]} Qc1+ {[%emt 0:02:16]} (36... Qxd4 $142 37. Rxh5+ {[%mdl 64] Discovered Attack} gxh5 38. Qxd4 Kg8) 37. Kg2 $18 {[%emt 0:00:20]} Bc7 {[%emt 0:01:36] [#]} 38. Re7 $1 {[%emt 0:00:27]} 1-0